| 000 | 01363nam0a2200325 i 4500 | ||
|---|---|---|---|
| 001 | RU\NLR\BIBL_A\010785807 | ||
| 005 | 20240921110525.0 | ||
| 010 |
_a9785000682791 _9500 |
||
| 021 |
_aRU _b2015-38201 _92265 |
||
| 035 | _a(NILC)RuMoRGB-007938503 | ||
| 035 | _a(NLR Aleph) 010785807 | ||
| 090 |
_a10090630 _c10090630 |
||
| 100 | _a20150619d2015 km y0rusy50 ca | ||
| 101 | 0 | _arus | |
| 102 | _aRU | ||
| 105 | _aac||z||||01yy | ||
| 200 | 1 |
_aКрым и его освобождение (1941-1944) _eмонография _fА. Н. Шагланов _gЦентр развития науч. сотрудничества |
|
| 210 |
_aНовосибирск _cЦРНС _d2015 |
||
| 215 |
_a330 с., [5] л. ил., портр. _d21 |
||
| 300 | _aНа обороте тит. л. авт.: к. ист. н. А. Н. Шагланов | ||
| 320 | _aБиблиогр.: с. 288-293 (91 назв.), в тексте и в подстроч. примеч. | ||
| 606 | 1 |
_aВеликая Отечественная война _yКрым _z1941 - 1945 _91217877 _3RU\NLR\AUTH\66176915 |
|
| 686 | 1 | _aЦ35(2)722(2Р-6Крм) | |
| 686 | 1 | _aТ3(2)722.9-9(2Р-6Крм) | |
| 700 | 1 |
_aШагланов _bА. Н. _gАндрей Николаевич |
|
| 801 | 0 |
_aRU _bРГБ _c20150525 _gRCR |
|
| 942 | _cBOOK | ||
| 980 | _aNBR | ||